<?xml version="1.0" encoding="UTF-8"?>
<record
    xmlns:xsi="http://www.w3.org/2001/XMLSchema-instance"
    xsi:schemaLocation="http://www.loc.gov/MARC21/slim http://www.loc.gov/standards/marcxml/schema/MARC21slim.xsd"
    xmlns="http://www.loc.gov/MARC21/slim">

  <leader>00965nam a22002297a 4500</leader>
  <controlfield tag="003">NALT</controlfield>
  <controlfield tag="005">20231202073925.0</controlfield>
  <controlfield tag="008">220113b        th ||||| |||| 00| 0 tha d</controlfield>
  <datafield tag="020" ind1=" " ind2=" ">
    <subfield code="a">9749064577</subfield>
  </datafield>
  <datafield tag="040" ind1=" " ind2=" ">
    <subfield code="a">NALT</subfield>
  </datafield>
  <datafield tag="050" ind1=" " ind2=" ">
    <subfield code="a">BF 637.S8</subfield>
    <subfield code="b">&#xE27;426&#xE08; 2545</subfield>
  </datafield>
  <datafield tag="100" ind1=" " ind2=" ">
    <subfield code="9">14903</subfield>
    <subfield code="a">&#xE27;&#xE31;&#xE19;&#xE0A;&#xE31;&#xE22; &#xE1B;&#xE23;&#xE30;&#xE0A;&#xE32;&#xE40;&#xE23;&#xE37;&#xE2D;&#xE07;&#xE27;&#xE34;&#xE17;&#xE22;&#xE4C;</subfield>
  </datafield>
  <datafield tag="245" ind1=" " ind2=" ">
    <subfield code="a">&#xE08;&#xE49;&#xE32;&#xE27;&#xE41;&#xE2B;&#xE48;&#xE07;&#xE04;&#xE27;&#xE32;&#xE21;&#xE2A;&#xE33;&#xE40;&#xE23;&#xE47;&#xE08; =</subfield>
    <subfield code="b">The master of success /</subfield>
    <subfield code="c">&#xE27;&#xE31;&#xE19;&#xE0A;&#xE31;&#xE22; &#xE1B;&#xE23;&#xE30;&#xE0A;&#xE32;&#xE40;&#xE23;&#xE37;&#xE2D;&#xE07;&#xE27;&#xE34;&#xE17;&#xE22;&#xE4C;.</subfield>
  </datafield>
  <datafield tag="246" ind1=" " ind2=" ">
    <subfield code="a">The master of success</subfield>
  </datafield>
  <datafield tag="260" ind1=" " ind2=" ">
    <subfield code="a">&#xE01;&#xE23;&#xE38;&#xE07;&#xE40;&#xE17;&#xE1E;&#xE2F; :</subfield>
    <subfield code="b">&#xE15;&#xE49;&#xE19;&#xE44;&#xE21;&#xE49;,</subfield>
    <subfield code="c">2545.</subfield>
  </datafield>
  <datafield tag="300" ind1=" " ind2=" ">
    <subfield code="a">114 &#xE2B;&#xE19;&#xE49;&#xE32; ;</subfield>
    <subfield code="c">21 &#xE0B;&#xE21;.</subfield>
  </datafield>
  <datafield tag="650" ind1=" " ind2="0">
    <subfield code="a">&#xE04;&#xE27;&#xE32;&#xE21;&#xE2A;&#xE33;&#xE40;&#xE23;&#xE47;&#xE08;</subfield>
    <subfield code="9">5759</subfield>
  </datafield>
  <datafield tag="650" ind1=" " ind2="0">
    <subfield code="9">7434</subfield>
    <subfield code="a">&#xE04;&#xE27;&#xE32;&#xE21;&#xE2A;&#xE38;&#xE02;</subfield>
  </datafield>
  <datafield tag="850" ind1=" " ind2=" ">
    <subfield code="a">NALT</subfield>
  </datafield>
  <datafield tag="942" ind1=" " ind2=" ">
    <subfield code="2">lcc</subfield>
    <subfield code="c">GB</subfield>
  </datafield>
  <datafield tag="998" ind1=" " ind2=" ">
    <subfield code="b">kornsiririn</subfield>
    <subfield code="h">7560</subfield>
    <subfield code="j"></subfield>
    <subfield code="k">CRON CRON</subfield>
  </datafield>
  <datafield tag="999" ind1=" " ind2=" ">
    <subfield code="c">98849</subfield>
    <subfield code="d">98849</subfield>
  </datafield>
  <datafield tag="952" ind1=" " ind2=" ">
    <subfield code="0">0</subfield>
    <subfield code="1">0</subfield>
    <subfield code="2">lcc</subfield>
    <subfield code="4">0</subfield>
    <subfield code="7">0</subfield>
    <subfield code="8">CSEN</subfield>
    <subfield code="a">NALT</subfield>
    <subfield code="b">NALT</subfield>
    <subfield code="c">GEN</subfield>
    <subfield code="d">2022-01-13</subfield>
    <subfield code="o">BF 637.S8 &#xE27;426&#xE08; 2545</subfield>
    <subfield code="p">0100005790001</subfield>
    <subfield code="r">2024-02-29 00:00:00</subfield>
    <subfield code="w">2022-01-13</subfield>
    <subfield code="y">GB</subfield>
  </datafield>
</record>
